[Event "Avoine op 33rd"]
[Site "Avoine"]
[Date "2018.07.28"]
[Round "8"]
[White "Lenen, Pierre"]
[Black "Bournel, Antoine"]
[Result "0-1"]
[WhiteElo "1758"]
[BlackElo "2066"]
[PlyCount "152"]
[EventDate "2018.07.21"]
[EventType "swiss"]
[EventRounds "9"]
[EventCountry "FRA"]
[SourceTitle "CBM 185 Extra"]
[Source "ChessBase"]
[SourceDate "2018.07.29"]
[SourceVersion "1"]
[SourceVersionDate "2018.07.29"]
[SourceQuality "1"]

1. d4 Nf6 2. c4 e6 3. Nc3 Bb4 4. Qc2 c5 5. dxc5 Qc7 6. a3 Bxc5 7. e3 a6 8. b4 Be7 9. Bb2 0-0 10. Nf3 b6 11. Bd3 Bb7 12. Rc1 d6 13. Ne4 Nxe4 14. Bxe4 Bxe4 15. Qxe4 Nd7 16. 0-0 Bf6 17. Bxf6 Nxf6 18. Qd3 Rac8 19. Rfd1 d5 20. c5 a5 21. cxb6 Qxb6 22. b5 a4 23. Nd4 Ne4 24. Rxc8 Rxc8 25. Nc6 Rc7 26. Rb1 g5 27. g3 Nc5 28. Qc2 Nb3 29. Qd3 Qc5 30. Nd4 Na5 31. b6 Rd7 32. Rb5 Qc1+ 33. Kg2 Nb7 34. Ne2 Qc6 35. Nd4 Qd6 36. Qc3 e5 37. Nc2 d4 38. exd4 exd4 39. Qc8+ Kg7 40. Nb4 Qe6 41. Qc6 d3 42. Qc3+ f6 43. Nxd3 Qe4+ 44. Kg1 Qxd3 45. Qc6 Re7 46. Kg2 Qe4+ 47. Qxe4 Rxe4 48. Rd5 Kf7 49. Kf3 Re6 50. Rd7+ Re7 51. Rd4 Nc5 52. Rc4 Nd7 53. b7 Ne5+ 54. Kg2 Rxb7 55. Rxa4 Nc6 56. Rc4 Rb6 57. a4 Ra6 58. f4 Ke6 59. Kf3 Kd5 60. Re4 f5 61. Re8 Rxa4 62. Rh8 Ra3+ 63. Kg2 Ra7 64. Re8 Re7 65. Ra8 Nd4 66. Ra5+ Ke4 67. Ra4 Rc7 68. Rb4 Ke3 69. Ra4 Rc2+ 70. Kh3 Nf3 71. Ra3+ Ke4 72. Ra4+ Kd3 73. g4 Rxh2+ 74. Kg3 fxg4 75. Kxg4 Nd4 76. Ra3+ Ke4 0-1